Los impactos de la producción de agrocombustibles en la seguridad alimentaria de El Salvador /
Hay una gran dependencia del consumo de petróleo a escala mundial, que se ha vuelto insostenible. Ante el problema de la escasez y el alto consumo del combustible se han buscado opciones alternas de combustible, con el objetivo de transitar de una economía de consumo de petróleo a una economía de co...
Furkejuvvon:
| Váldodahkki: | |
|---|---|
| Eará dahkkit: | |
| Materiálatiipa: | Texto |
| Fáttát: | |
| Fáddágilkorat: |
Lasit fáddágilkoriid
Eai fáddágilkorat, Lasit vuosttaš fáddágilkora!
|
MARC
| LEADER | 00000 a a2200000 04500 | ||
|---|---|---|---|
| 001 | 42144 | ||
| 003 | |||
| 040 | |||
| 100 | |a Soley, Rosalía | ||
| 245 | |a Los impactos de la producción de agrocombustibles en la seguridad alimentaria de El Salvador / |c Rosalía Soley ; Martha Ferman | ||
| 520 | |a Hay una gran dependencia del consumo de petróleo a escala mundial, que se ha vuelto insostenible. Ante el problema de la escasez y el alto consumo del combustible se han buscado opciones alternas de combustible, con el objetivo de transitar de una economía de consumo de petróleo a una economía de combustible "renovable". El presente trabajo busca evaluar el impacto de la adopción de un modelo de producción de agrocombustibles con respecto a la seguridad alimentaria de El Salvador. | ||
| 590 | |a RRA/ENERO2012 | ||
| 650 | |a COMBUSTIBLES | ||
| 650 | |a AGRICULTURA | ||
| 650 | |a SEGURIDAD ALIMENTARIA | ||
| 650 | |a EL SALVADOR | ||
| 650 | |a CONSECUENCIAS SOCIALES | ||
| 700 | |a Ferman, Martha | ||
| 773 | |g número124 (2010), páginas 297-334 : tablas, mapas | ||
| 999 | |c 22516 |d 22516 | ||
